00329nam a22001337a 4500003000400000008004100004020001800045082001400063100002300077245003600100250001100136260003900147300000900186OSt260227b |||||||| |||| 00| 0 eng d a9788193768921 a613.7 MUY aMUKUNDANANDA,Swami aYoga for the Body Mind and Soul a3rd Ed aNew DelhibRadha Govind Dhamc2018 a426p